Szczegóły MARC21

Rola wezbrań sztormowych w kształtowaniu ustroju wodnego układu Dolnej Odry i Zalewu Szczecińskiego /

003 -Nazwa inst., której nr kontr. jest w polu 001 [,]
    • @
    • Nazwa instytucji, której n kontrolny jest w polu 001
    • NUKAT
005 -DATA I CZAS OSTATNIEJ MODYFIKACJI [,]
    • @
    • pole kontrolne
    • 20250606101435.0
020 -Międzynarod. znormalizowany nr książki - ISBN [ , ]
    • a
    • Numer ISBN
    • 9788372418821 Find
040 -Instytucja sporządzająca opis [ , ]
    • a
    • Instytucja, która sporządziła opis (NP)
    • KR U/Kaz
    • c
    • Instytucja, która sporządziła rekord (NP)
    • KR U/Kaz
    • d
    • Instytucja, która zmodyfikowała rekord (P)
    • KR U/Kaz
    • d
    • Instytucja, która zmodyfikowała rekord (P)
    • KR U/BUs
041 -Język dokumentu [0, ]
    • a
    • Język tekstu (P)
    • polski
    • b
    • Język streszczeń lub abstraktu (P)
    • angielski
942 -Rodzaj dokumentu [ , ]
    • c
    • Rodzaj dokumentu
    • Książka
100 -Hasło główne - nazwa osobowa [1, ]
    • a
    • Nazwa osobowa (NP)
    • Kowalewska-Kalkowska, Halina
    • d
    • Daty biograficzne (NP)
    • (1964-2022).
    • 9
    • KHW
    • 46939
245 -Strefa tytułu i oznaczenia odpowiedzialności [1,0]
    • a
    • Tytuł
    • Rola wezbrań sztormowych w kształtowaniu ustroju wodnego układu Dolnej Odry i Zalewu Szczecińskiego / Find
    • c
    • Pozostałe elementy strefy tytułu i oznaczenia odpowiedzialności (NP)
    • Halina Kowalewska-Kalkowska.
260 -Strefa adresu wydawniczego [ , ]
    • a
    • Miejsce wydania (P)
    • Szczecin :
    • b
    • Nazwa wydawcy (P)
    • Wydawnictwo Naukowe Uniwersytetu Szczecińskiego,
    • c
    • Data wydania (P)
    • 2012.
300 -Strefa opisu fizycznego [ , ]
    • a
    • Określenie formy książki i/lub objętość (NP)
    • 258 s. ;
    • c
    • Format (NP)
    • 24 cm.
336 -Typ zawartości [ , ]
    • a
    • Termin opisujący typ zawartości
    • Tekst
    • b
    • Kod określający zawartość
    • txt
    • 2
    • Źródło (terminu i kodu)
    • rdacontent
337 -Typ mediów [ , ]
    • a
    • Tryb odtwarzania
    • Bez urządzenia pośredniczącego
    • b
    • Kod typu mediów
    • n
    • 2
    • Źródło (terminu i kodu)
    • rdamedia
338 -Typ/rodzaj nośnika [ , ]
    • a
    • Hasło opisujące typ nośnika
    • Wolumin
    • b
    • Kod typu nośnika
    • nc
    • 2
    • Źródło (terminu i kodu)
    • rdacarrier
490 -Strefa serii i książki wielotomowej - forma nie do wyszukiwania [1, ]
    • a
    • Tytuł (P)
    • Rozprawy i Studia / Uniwersytet Szczeciński, Find
    • x
    • ISSN (NP)
    • 0860-2751 ;
    • v
    • Numeracja (P)
    • t. (908) 834
830 -Hasło dodatkowe serii i opisu książki wielotomowej - tytuł ujednolicony/tytuł [ ,0]
    • a
    • Tytuł ujednolicony/tytuł (NP)
    • Rozprawy i Studia - Uniwersytet Szczeciński
    • x
    • ISSN
    • 0860-2751
    • v
    • Oznaczenie tomu (NP)
    • t. 834
    • 9
    • KHW
    • 700
504 -Uwaga dot. bibliogr. załącznikowej [ , ]
    • a
    • Uwaga dot. bibliografii załącznikowej
    • Bibliogr. s. 221-245.
546 -Uwaga dot. języka [ , ]
    • a
    • Uwaga dot. języka
    • Streszcz. ang.
080 -Uniwersalna Klasyfikacja Dziesiętna [ , ]
    • 2
    • Identyfikator wydania tablic
    • UDC-P058
    • 9
    • UKD
    • 4267
    • a
    • Symbol klasyfikacji
    • 551.468
    • b
    • Dopowiedzenie
    • Geografia morza. Głębokie partie morza. Zatoki, fiordy, cieśniny. Płytkie partie morza. Mierzeje. Laguny.
    • 4
    • UKD2
    • 7642
    • x
    • Poddział wspólny
    • (438)
    • c
    • Dopowiedzenie poddz. wspólnego
    • (Polska).
080 -Uniwersalna Klasyfikacja Dziesiętna [ , ]
    • 2
    • Identyfikator wydania tablic
    • UDC-P058
    • 9
    • UKD
    • 4315
    • a
    • Symbol klasyfikacji
    • 556.04
    • b
    • Dopowiedzenie
    • Obserwacje, analizy i obliczenia hydrologiczne. Hydrometria.
    • 4
    • UKD2
    • 7642
    • x
    • Poddział wspólny
    • (438)
    • c
    • Dopowiedzenie poddz. wspólnego
    • (Polska).
650 -Hasło przedmiotowe [ ,7]
    • a
    • Hasło przedmiotowe
    • Wezbrania sztormowe
    • z
    • Określnik geograficzny
    • Pomorska, Zatoka
    • v
    • Określnik formalny
    • rozprawy akademickie.
    • 2
    • Źródło terminu
    • kaba
    • 9
    • KHW
    • 369218
650 -Hasło przedmiotowe [ ,7]
    • a
    • Hasło przedmiotowe
    • Wezbrania sztormowe
    • z
    • Określnik geograficzny
    • Polska
    • z
    • Określnik geograficzny
    • Szczeciński, Zalew (zatoka)
    • y
    • Określnik chronologiczny
    • 1990-.
    • 2
    • Źródło terminu
    • kaba
    • 9
    • KHW
    • 369223
650 -Hasło przedmiotowe [ ,7]
    • a
    • Hasło przedmiotowe
    • Wezbrania sztormowe
    • z
    • Określnik geograficzny
    • Polska
    • z
    • Określnik geograficzny
    • Odra (rzeka)
    • y
    • Określnik chronologiczny
    • 1990-.
    • 2
    • Źródło terminu
    • kaba
    • 9
    • KHW
    • 369224
650 -Hasło przedmiotowe [ ,7]
    • a
    • Hasło przedmiotowe
    • Hydrologia
    • x
    • Określnik rzeczowy
    • badania
    • z
    • Określnik geograficzny
    • Polska
    • z
    • Określnik geograficzny
    • Odra (rzeka)
    • v
    • Określnik formalny
    • rozprawy akademickie.
    • 2
    • Źródło terminu
    • kaba
    • 9
    • KHW
    • 369220
650 -Hasło przedmiotowe [ ,7]
    • a
    • Hasło przedmiotowe
    • Hydrologia
    • x
    • Określnik rzeczowy
    • badania
    • z
    • Określnik geograficzny
    • Polska
    • z
    • Określnik geograficzny
    • Szczeciński, Zalew (zatoka)
    • v
    • Określnik formalny
    • rozprawy akademickie.
    • 2
    • Źródło terminu
    • kaba
    • 9
    • KHW
    • 369219
650 -Hasło przedmiotowe [ ,7]
    • a
    • Hasło przedmiotowe
    • Stany wód
    • z
    • Określnik geograficzny
    • Polska
    • z
    • Określnik geograficzny
    • Odra (rzeka)
    • v
    • Określnik formalny
    • rozprawy akademickie.
    • 2
    • Źródło terminu
    • kaba
    • 9
    • KHW
    • 369222
650 -Hasło przedmiotowe [ ,7]
    • a
    • Hasło przedmiotowe
    • Stany wód
    • z
    • Określnik geograficzny
    • Polska
    • z
    • Określnik geograficzny
    • Szczeciński, Zalew (zatoka)
    • v
    • Określnik formalny
    • rozprawy akademickie.
    • 2
    • Źródło terminu
    • kaba
    • 9
    • KHW
    • 369221
980 -Symbol UKD [ , ]
    • a
    • UKD
    • 551.468:556.04](438)
710 -Hasło dodatkowe - nazwa ciała zbiorowego [2, ]
    • a
    • Nazwa ciała zbiorowego lub nazwa geograficzna jako pierwszy element (NP)
    • Uniwersytet Szczeciński.
    • b
    • Nazwa jednostki podrzędnej (P)
    • Wydawnictwo Naukowe.
    • 4
    • Kod relacji
    • pbl
    • 9
    • KHW
    • 51208
920 -ISBN [ , ]
    • a
    • ISBN
    • 978-83-7241-882-1 Find
Numer inwentarzowy Status udost. Lokalizacja Data inwentaryzacji
Z.1163571BG2012-08-29
WM.13705-3BG2012-08-29